| 000 | 01748nam a2200457Ii 4500 | ||
|---|---|---|---|
| 001 | DIGANAGRA0490 | ||
| 003 | NyNyDIG | ||
| 006 | m o d | ||
| 007 | cr ||||||||||| | ||
| 008 | 231002s2021 sp o 000 0aspa d | ||
| 035 | _a(OCoLC)1401830326 | ||
| 040 |
_aDGITA _beng _erda _epn _cDGITA |
||
| 020 |
_a9788433943316 _qeBook |
||
| 020 | _z9788433999313 | ||
| 043 | _ae-sp--- | ||
| 050 | 1 | 4 | _aPQ6653.H6 ebook |
| 100 | 1 |
_aChirbes, Rafael, _d1949-2015, _eauthor. |
|
| 245 | 1 | 0 |
_aDiarios, _n[1], _pA ratos perdidos 1 y 2 / _cRafael Chirbes ; prólogos de Marta Sanz y Fernando Valls. |
| 246 | 3 | 0 | _aA ratos perdidos 1 y 2 |
| 250 | _aEdición en formato digital. | ||
| 264 | 1 |
_aBarcelona : _bEditorial Anagrama, _c[2021] |
|
| 300 | _a1 online resource. | ||
| 336 |
_atext _btxt _2rdacontent |
||
| 337 |
_acomputer _bc _2rdamedia |
||
| 338 |
_aonline resource _bcr _2rdacarrier |
||
| 347 |
_atext file _2rdaft |
||
| 347 | _bEPUB | ||
| 490 | 1 |
_aNarrativas hispánicas ; _v679 |
|
| 588 | 0 | _aOnline resource; title from ePub title page (Digitalia, viewed October 2, 2023) | |
| 600 | 1 | 0 |
_aChirbes, Rafael, _d1949-2015 _vDiaries. |
| 650 | 0 |
_aAuthors, Spanish _y20th century _vBiography. |
|
| 700 | 1 |
_aSanz, Marta, _d1967- _econtributor agent of text. |
|
| 700 | 1 |
_aValls, Fernando, _econtributor agent of text. |
|
| 791 | 2 |
_aDigitalia (Firm), _edistributor. |
|
| 793 | 0 |
_gDigitalia eBook Collection: _aEditorial Anagrama |
|
| 776 | 0 | 8 |
_iPrint version: _aChirbes, Rafael, 1949-2015. _tDiarios. _dBarcelona : Editorial Anagrama, [2021] _z9788433999313 |
| 830 | 0 |
_aNarrativas hispánicas ; _v679. |
|
| 856 | 4 | 0 |
_3Digitalia Hispánica _uhttps://www.digitaliapublishing.com/a/117430/ |
| 910 | _aPremium collection: 2023 | ||
| 942 | _cRAA | ||
| 999 |
_c275447 _d275447 |
||